Museo di Storia della Scienza: catalogo

保存先:
書誌詳細
第一著者: Miniati, Mara (autora)
フォーマット: 図書
言語:イタリア語
出版事項: Florencia Giunti 1991
主題:
タグ: タグ追加
タグなし, このレコードへの初めてのタグを付けませんか!

MARC

LEADER 00000nam a2200000 a 4500
001 UCH2977
003 CL-VaPUC
008 090709e19910000IT |||||||||||||||||ita|d
020 |a 8809200365 
082 0 4 |a 681  |b MIN  |2 21 
100 |a Miniati, Mara  |e autora  |9 538062 
245 1 0 |a Museo di Storia della Scienza: catalogo 
300 |a 384 p 
942 |c BK 
945 |d 20090709 00:00:00  |a rbrito 
260 |a Florencia  |b Giunti  |c 1991 
650 0 |a Instrumentos de medición   |9 266021 
650 7 |a MUSEO DE FISICA  |2 CL-VaPUC  |9 538063 
650 7 |a FISICA HISTORIA  |2 CL-VaPUC  |9 263706 
650 0 |a Instrumentación  |9 435399 
583 |a last modification  |c 20090709 00:00:00  |k Rodrigo Vera 
999 |c 334635  |d 334633 
952 |0 0  |1 0  |4 0  |6 681_000000000000000_MIN_1991  |7 0  |8 A  |9 423754  |a BIBCUR  |b BIBCUR  |d 2019-11-22  |i 4528530  |o 681 MIN 1991  |p 4528530  |r 2025-04-22  |w 2019-11-22  |y BK  |k FIS